00454nam a2200169 a 450000100060000000300090000600800410001502000150005604000280007108200160009910000150011524500520013026000300018230000110021265000260022365000350024917641CO-ViMGA141112s2004 ck r 000 u spa d a9682462509 aCO-ViMGAbspacCO-ViMGA04a700.7 A524e1 aAcha, Juan10aEducación artística . Escolar y profesional aMexico, cTrillas, c2001 a212.p.14aeducación ARTISTICA14aMUSICA - INSTRUCCION Y ESTUDIO